How I spent my summer holidays (Novel)

Zapisane w:
Opis bibliograficzny
1. autor: Mitchell, William O.
Format: Książka
Język:English
Wydane: Toronto, Canadá Macmillan of Canada 1981
Hasła przedmiotowe:
Etykiety: Dodaj etykietę
Nie ma etykietki, Dołącz pierwszą etykiete!

MARC

LEADER 00000nam a2200000Ia 4500
008 170316s9999 xx 000 0 eng d
040 |a cru BVZT 
090 |a 818 M-21h 
100 |a Mitchell, William O. 
245 |a How I spent my summer holidays (Novel) 
260 |a Toronto, Canadá 
260 |b Macmillan of Canada 
260 |c 1981 
300 |a 224 páginas 
650 |a LITERATURA CANADIENSE 
999 |c 6565  |d 6565 
942 |c 15 D  |h 818 M-21h  |2 z